000 00626nam a2200205Ia 4500
003 GCL
008 140319s9999 xx 000 0 ara d
040 _aGCL /
_cGCL
082 0 4 _a541.221
_bب ت
100 1 _aبيكر، ت 0 ثورن
245 1 0 _aتجارب كميائية بسيظة /
_cبيكر، ت 0 ثورن
700 1 _aمصطفى كامل الجندى
700 1 _aمحمد احمد بنونة
300 _a67 ص
490 _aالالف كتاب
_v0
650 0 4 _aالكيمياء
650 0 4 _aالتفاعلات الكيميائية
650 0 4 _aالكيمياء - مختبرات
942 _2ddc
_cBK
999 _c45237
_d45237